<?xml version="1.0" encoding="UTF-8"?>
<collection xmlns="http://www.loc.gov/MARC21/slim">
 <record>
  <leader>02007nam a2200217Ia 4500</leader>
  <controlfield tag="001">CTU_174671</controlfield>
  <controlfield tag="008">210402s9999    xx            000 0 und d</controlfield>
  <datafield tag="082" ind1=" " ind2=" ">
   <subfield code="a">537.6225</subfield>
  </datafield>
  <datafield tag="082" ind1=" " ind2=" ">
   <subfield code="b">C104</subfield>
  </datafield>
  <datafield tag="088" ind1=" " ind2=" ">
   <subfield code="a">60440103</subfield>
  </datafield>
  <datafield tag="100" ind1=" " ind2=" ">
   <subfield code="a">Đặng, Hồng Cám</subfield>
  </datafield>
  <datafield tag="245" ind1=" " ind2="0">
   <subfield code="a">Phân bố khí điện tử giả hai chiều trong cấu trúc dị chất đơn GaN/AlGaN :</subfield>
  </datafield>
  <datafield tag="245" ind1=" " ind2="0">
   <subfield code="b">Luận văn Thạc sĩ. Chuyên ngành: Vật lí lí thuyết và vật lí toán</subfield>
  </datafield>
  <datafield tag="245" ind1=" " ind2="0">
   <subfield code="c">Đặng Hồng Cám ; Nguyễn Thành Tiên (Người hướng dẫn khoa học)</subfield>
  </datafield>
  <datafield tag="260" ind1=" " ind2=" ">
   <subfield code="a">Cần Thơ</subfield>
  </datafield>
  <datafield tag="260" ind1=" " ind2=" ">
   <subfield code="b">Trường Đại học Cần Thơ</subfield>
  </datafield>
  <datafield tag="260" ind1=" " ind2=" ">
   <subfield code="c">2012</subfield>
  </datafield>
  <datafield tag="520" ind1=" " ind2=" ">
   <subfield code="a">Luận văn trình bày sơ lược về linh kiện giếng lượng tử. Trình bày về cấu trúc dị chất, nói về phương pháp nuôi cấu trúc dị chất cụ thể là phương pháp epitaxy chùm phân tử (MBE) và phân loại các cấu trúc dị chất. Trình bày một số đặc tính cơ bản của hệ vật liệu GaN / AlxGa1-xN. Mô tả đặc trưng về cấu trúc mạng cũng như cấu trúc vùng năng lượng của cấu trúc dị chất này. Tính giải tích các biểu thức toán học cho thế giam giữ V(z) cho trường hợp tạp nền và tạp điều biến trong cấu trúc dị chất đơn GaN / AlxGa1-xN. Tính số và thảo luận về phân bố khí điện tử giả hai chiều hình thành trong cấu trúc dị chất đơn GaN / AlxGa1-xN cho trường hợp tạp nền và tạp điều biến với các chương trình máy tính.</subfield>
  </datafield>
  <datafield tag="650" ind1=" " ind2=" ">
   <subfield code="a">Electron gas,Quantum wells,Khí điện tử,Giếng lượng tử</subfield>
  </datafield>
  <datafield tag="904" ind1=" " ind2=" ">
   <subfield code="i">Hằng Ni, Năm</subfield>
  </datafield>
  <datafield tag="980" ind1=" " ind2=" ">
   <subfield code="a">Trung tâm Học liệu Trường Đại học Cần Thơ</subfield>
  </datafield>
 </record>
</collection>
